| 000 | 00652nam a22002057a 4500 | ||
|---|---|---|---|
| 005 | 20130916124631.0 | ||
| 010 | _aENG-107306 | ||
| 020 |
_a9788183163392 _c700.00 |
||
| 035 | _aEN-90839 | ||
| 037 | _bDBAD/PUB | ||
| 082 | _a372.83044 | ||
| 100 | _aDash, B.N | ||
| 245 |
_aMethods of teaching social studies / _cby B.N.Dash [and] I.V.Radhakrishna Murthy |
||
| 260 |
_aHyderabad _bNeelkamal Publications _c2012 |
||
| 270 |
_aSultan Bazar _bHyderabad _e500095 |
||
| 300 |
_axi,310p. _c22cm(Hb) |
||
| 500 | _aIncludes bibliographical references and index | ||
| 700 | _aRadhakrishna Murthy, I.V. | ||
| 942 |
_2ddc _cEN _mDAS _h372.83044 |
||
| 999 |
_c76187 _d76187 |
||